Point culminant des pays d'Amérique du Nord - Statistiques

Statistiques générales
  • Ce quiz a été pris 4 fois
  • Le résultat moyen est 10 sur 23
Statistiques - réponses
Pays Altitude (en mètre) Point culminant % Correct
États-Unis 6190 Denali
100%
Canada 5959 Mont Logan
100%
Panama 3475 Barú
50%
Belize 1124 Doyle's Delight
50%
Nicaragua 2107 Mogoton
50%
Bahamas 63 Mont Alvernia
50%
Barbade 336 Mont Hillaby
50%
Antigua-et-Barbuda 402 Mont Obama
50%
Grenade 840 Mont Sainte-Catherine
50%
Saint-Vincent-et-les-Grenadines 1234 Soufrière
50%
Guatemala 4220 Volcan Tajumulco
50%
Jamaïque 2256 Blue Mountain Peak
25%
Costa Rica 3810 Cerro Chirripó
25%
Trinité-et-Tobago 940 Cerro del Aripo
25%
Salvador 2730 Cerro El Pital
25%
Honduras 2870 Cerro Las Minas
25%
Sainte-Lucie 950 Mont Gimie
25%
Saint-Christophe-et-Niévès 1156 Mont Liamuiga
25%
Dominique 1447 Morne Diablotins
25%
Mexique 5675 Pic d'Orizaba
25%
Haïti 2680 Pic la Selle
25%
République dominicaine 3098 Pico Duarte
25%
Cuba 1974 Pico Turquino
25%
Aucun quiz correspondant
Distribution des résultats
% des personnes avec chaque résultat
Percentile par nombre de réponses
Votre historique - résultats
Vous n’avez pas pris ce quiz